000 00670nam a22002657a 4500
001 BR9500256
003 BR-BrBNA
005 20230928094408.0
007 ta
008 230509b bl.||||| |||| 00| 0 por d
040 _aBR-BrBNA
_bpor
_cBiblioteca Nacional de Agricultura
041 _a(Por)
072 _aP06
_b8961
090 _ 8961 BR9500256
100 1 _aLeuthold, H.
245 1 _aFabricacao de alcool absoluto pelo sistema Hiag
260 3 _aRio de Janeiro, GB (Brasil):
_c[nd].
300 _a24 p.
500 _a41 ref.
650 _aAlcool Anidro
650 _aProducao
650 _aCusto
909 _a202309
_bLucia
_c55
_dLucia Elande
942 _cBK
999 _c50490
_d50490